Statistics for Sunniest World Capitals

Click here to take the quiz!

General Stats

  • This quiz has been taken 50 times
  • The average score is 11 of 18

Answer Stats

HoursCapital% Correct
3,451Cairo
96%
3,225Riyadh
85%
3,433Doha
79%
3,397Jerusalem
75%
3,241Baghdad
75%
3,462Abu Dhabi
71%
3,493Muscat
69%
3,581Khartoum
67%
3,290Amman
60%
3,354Manama
58%
3,206N'Djamena
54%
3,266Djibouti
52%
3,605Windhoek
48%
3,219Pretoria
44%
3,334Dodoma
35%
3,254Gaborone
31%
3,314Nicosia
29%
3,312Bloemfontein
25%

Score Distribution

Percentile by Number Answered

Percent of People with Each Score

Your Score History

You have not taken this quiz